000 00647nam a22001937a 4500
003 UA-OsUOA
001 7629
007 ta
008 20040623b un ||||| |||| 00| 0 ukr d
100 _aМазуренко О.
700 _aРозенфельд Н.
942 _cSA
040 _aUA-OsUOA
_cUA-OsUOA
_dUA-OsUOA
245 _aКомп'ютерна інформація як предмет злочинів , передбачених Розділом XVI КК України
300 _aС.80-84
955 _a0
773 0 _w0
_tПраво України
_dКиїв
_d2004
_gN6
650 7 _aІнформаційні технології
_2UDC
999 _c293790
_d293790